书目信息 |
| 题名: |
天然药物化学实验与学习指导
|
|
| 作者: | 李干鹏 , 胡建林 主编 | |
| 分册: | ||
| 出版信息: | 北京 科学出版社 2023.07 |
|
| 页数: | 86页 | |
| 开本: | 26cm | |
| 丛书名: | 一流本科专业建设系列教材 | |
| 单 册: | ||
| 中图分类: | R284-33 | |
| 科图分类: | ||
| 主题词: | 生药学--sheng yao xue--药物化学--化学实验--高等学校--教学参考资料 | |
| 电子资源: | ||
| ISBN: | 978-7-03-068671-8 | |
| 000 | 01217nam 2200265 450 | |
| 001 | 90462 | |
| 005 | 20250815191928.59 | |
| 010 | @a978-7-03-068671-8@dCNY35.00 | |
| 100 | @a20230831d2023 em y0chiy50 ea | |
| 101 | 0 | @achi |
| 102 | @aCN@b110000 | |
| 105 | @aa z 000yy | |
| 106 | @ar | |
| 200 | 1 | @a天然药物化学实验与学习指导@Atian ran yao wu hua xue shi yan yu xue xi zhi dao@f主编李干鹏, 胡建林 |
| 210 | @a北京@c科学出版社@d2023.07 | |
| 215 | @a86页@c图@d26cm | |
| 225 | 2 | @a一流本科专业建设系列教材@Ayi liu ben ke zhuan ye jian she xi lie jiao cai@i药学专业 |
| 330 | @a本书依照教育部相关文件和精神, 根据专业相关教学要求和课程特点, 结合《中国药典》和相关执业考试内容编写而成, 全书共分成三部分内容。第一部分系统地介绍了天然药物化学实验的基础知识、操作方法和鉴定方法 ; 第二部分为实验内容, 按照天然药物化学课程系统分成各论、设计性实验 ; 第三部分为天然药物化学各章节的学习指导和参考答案。 | |
| 410 | 0 | @12001 @a一流本科专业建设系列教材@i药学专业 |
| 606 | 0 | @a生药学@Asheng yao xue@x药物化学@x化学实验@x高等学校@j教学参考资料 |
| 690 | @aR284-33@v5 | |
| 701 | 0 | @a李干鹏@Ali gan peng@4主编 |
| 701 | 0 | @a胡建林@Ahu jian lin@4主编 |
| 801 | 0 | @aCN@c20250909 |
| 905 | @a河南城建学院图书馆@dR284-33@eL160@f1 | |
| 天然药物化学实验与学习指导/主编李干鹏, 胡建林.-北京:科学出版社,2023.07 |
| 86页:图;26cm.-(一流本科专业建设系列教材.药学专业) |
| ISBN 978-7-03-068671-8:CNY35.00 |
| 本书依照教育部相关文件和精神, 根据专业相关教学要求和课程特点, 结合《中国药典》和相关执业考试内容编写而成, 全书共分成三部分内容。第一部分系统地介绍了天然药物化学实验的基础知识、操作方法和鉴定方法 ; 第二部分为实验内容, 按照天然药物化学课程系统分成各论、设计性实验 ; 第三部分为天然药物化学各章节的学习指导和参考答案。 |
| ● |
| 相关链接 |
|
|
|
正题名:天然药物化学实验与学习指导
索取号:R284-33/L160
 
预约/预借
| 序号 | 登录号 | 条形码 | 馆藏地/架位号 | 状态 | 备注 |
| 1 | 1624424 | 216244240 | 自科库401/ [索取号:R284-33/L160] | 在馆 |